Symboles boursiers des cryptomonnaies - Statistiques

Statistiques générales
  • Ce quiz a été pris 392 fois
  • Le résultat moyen est 8 sur 12
Statistiques - réponses
Nom Symbole % Correct
Bitcoin BTC
100%
Ethereum ETH
99%
Litecoin LTC
89%
Binance Coin BNB
76%
Dogecoin DOGE
65%
Uniswap UNI
58%
Polkadot DOT
57%
Ripple XRP
57%
Cardano ADA
54%
Chainlink LINK
53%
PancakeSwap CAKE
33%
Stellar Lumen XLM
29%
Aucun quiz correspondant
Distribution des résultats
% des personnes avec chaque résultat
Percentile par nombre de réponses
Votre historique - résultats
Vous n’avez pas pris ce quiz